| 000 | 00496nam a2200205Ia 4500 | ||
|---|---|---|---|
| 003 | STCL | ||
| 008 | 221019s9999 xx 000 0 und d | ||
| 020 | _a9780077111199 | ||
| 040 |
_aSTCL _cSTCL _bEN |
||
| 082 | _222 | ||
| 100 | _aBaldwin, Richard | ||
| 100 | _aWyplosz, Charles | ||
| 245 | 4 | _aThe economics of European integration | |
| 250 | _a2 | ||
| 260 |
_bMcGraw Hill Education _aNew Delhi _c2006 |
||
| 300 | _a464 p | ||
| 365 | _b2766.85 | ||
| 546 | _aEnglish | ||
| 942 |
_cBK _2DDC _e22 |
||
| 999 |
_c88121 _d88121 |
||